000 00643nam a2200265Ia 4500
005 20260121171251.0
008 008 260114s9999 xx 000 0 eng d
020 _a9783030164775
037 _aEBOOK
040 _aCRL
040 _beng
040 _cCRL
041 _2eng
041 _aeng
084 _qCRL
100 _aRobert H. S. Kraus
_91074120
245 0 _aAvian Genomics in Ecology and Evolution
260 _bSpringer
260 _bSpringer
260 _c2019
856 _uhttps://link.springer.com/openurl?genre=book&isbn=978-3-030-16477-5
942 _cEBOOK
999 _c1639850
_d1639850